Lexus : (Registro nro. 228)

Detalles MARC
000 -Cabecera
Campo de control interno 00594nam a2200217Ia 4500
005 - Fecha y hora del registro
control field 20251203123020.0
008 - Elementos de Longitud Fija
fixed length control field 251203t2000||||xx |||||||||||||| ||spa||
020 ## - ISBN
ISBN 9972625013
041 ## - Idioma
Codigo Idioma ESP
082 ## - DEWEY y NOTACIÓN INTERNA
Dewey RDE 036
Notación Interna L539
110 ## - AUTOR INSTTITUCIONAL
Autor Institucional Lexus Editores
245 #0 - TÍTULO DE MATERIAL BIBLIOGRÁFICO
Título Lexus :
Título paralelo diccionario enciclopédico color
260 ## - CIUDAD, EDITORIAL, AÑO
Ciudad Barcelona :
Nombre de la Editorial Lexus Editores,
Año 2000
300 ## - DESCRIPCIÓN
N° Páginas 984 páginas :
Otros detalles ilustraciones, mapas ;
Dimensiones 27 cm.
Material Adicional
440 ## - MENCIÓN DE SERIE
Título de la Serie
Número de Serie
Volumen de Serie
650 ## - TEMAS
Temas Generalidades
653 ## - DESCRIPTORES
Lenguajes no controlado Obras enciclopédicas en Español; Diccionario
654 ## - PROGRAMAS
Programa Todos los programas
942 ## - ELEMENTOS DE KOHA
Tipo de documento Diccionario
Nombre del creador Justo Noguera
Código de catalogador Tania Ramirez
Esquema de clasificación Dewey Decimal Classification
Suppress in OPAC
Existencias
Codigo completo Registro Colección Copia número Disponibilidad Tipo de préstamo Biblioteca Actual Procedencia (Biblioteca) Ubicacón Fecha Ingreso Tipo de Adquisición Date last seen Total checkouts Price effective from Tipo de Item Estado del Material Fuente de Clasificación Damaged status Withdrawn status
RDE 036 L539 1085099 Colección Vera Bejar 1   Restringido Víctor Andrés Belaunde Víctor Andrés Belaunde Planta baja cerrada 03/12/2025 Donación 03/12/2025   03/12/2025 Diccionario Bueno Dewey Decimal Classification   Withdrawn